| 000 | 01001nam a2200241Ia 4500 | ||
|---|---|---|---|
| 003 | OSt | ||
| 005 | 20220923215331.0 | ||
| 006 | a|||||r|||| 00| 0 | ||
| 007 | ta | ||
| 008 | 220922b |||||||| |||| 00| 0 hin d | ||
| 024 | _a177,827 | ||
| 037 | _cTextual | ||
| 040 |
_aARTS _cARTS _bhin |
||
| 041 |
_2hin _ahin |
||
| 082 | _aO152,1F70:g(Y:1.Z), M7 | ||
| 100 |
_aराकेश, अश्वनी कुमार चतुर्वेदी _9163745 |
||
| 245 | 0 | _aआदिकालीन हिन्दी रासो काव्य परम्परा एवं भारतीय संस्कृति | |
| 246 | _aĀdikālīn hindī rāso kāvya paramparā evan bhāratīya sanskṛuti | ||
| 260 |
_aइलाहाबाद _b साहित्यवाणी _c1987 |
||
| 300 |
_a278 पृ. _ccm. |
||
| 942 |
_hO152,1F70:g(Y:1.Z), M7 _cTEXL _2CC |
||
| 999 |
_c331213 _d331213 |
||